Rožňava - banské učilište

Zobrazenie: Pohľad na budovu banského učilištia od trávnika pred budovu stoja osoby a automobil vľavo je v zábere časť stromu

Bibliographic Details
Format: Postcard
Language:Slovak
PhysicalDescription:1 pohľadnica čiernobiela 11 x 15 cm
Published: Martin Bratislava Osveta PK - HSVZ 1957
Subjects:

MARC

LEADER 00000nkm a2200000 a 4500
001 vtls011982214
003 SK-MaSNL
005 20260512124342.0
007 kp bo
008 231121s1957 xo g 00 kuslo
015 |a SNBG1957 
035 |a urn:nbn:sk:snk-km00fcct 
035 |a urn:nbn:sk:snk-km45udv 
035 |a 683F0CDA-FF9C-4375-8DA7-146CD551F283 
040 |a SNK  |b slo  |c SNK  |e AACR2 
041 0 |a slo 
043 |a e-xo--- 
044 |a xo  |c SK 
072 7 |a 913  |x Regionálna geografia  |2 konspekt 
080 |a 913(437.6)  |2 2011 
080 |a 721  |2 2011 
080 |a (084.121)  |2 2011 
080 |a 377.352  |2 2011 
080 |a 622  |2 2011 
245 0 0 |a Rožňava - banské učilište  |h grafika 
260 |a Martin  |b Osveta  |a Bratislava  |b PK - HSVZ  |c 1957 
300 |a 1 pohľadnica  |b čiernobiela  |c 11 x 15 cm 
520 8 |a Zobrazenie: Pohľad na budovu banského učilištia od trávnika pred budovu stoja osoby a automobil vľavo je v zábere časť stromu 
650 0 7 |a budovy  |2 SNKPH  |9 1283 
650 0 7 |a stredné odborné učilištia  |2 SNKPH  |9 30904 
650 0 7 |a baníctvo  |2 SNKPH  |9 3571 
651 7 |a Rožňava (Slovensko)  |2 SNKPHgeo  |9 17394 
655 7 |a miestne pohľadnice  |2 SNKPH  |9 70510 
852 |a Slovenská národná knižnica 
958 |a GBN 
958 |a OND 
958 |a GC 
958 |a EUIPO 
999 |c 866998  |d 868928 
952 |a SNK  |b SNK  |y PREZ  |7 0  |p 17A1221475  |o snkSP 20676  |0 0  |1 0  |4 0  |d 2020-07-16  |f 1  |l 0  |r 2026-02-24 05:30:38  |w 2026-02-24 
952 |a SNK  |b SNK  |y PREZ  |7 0  |p 17A1378902  |o snkSP 20676 D1  |0 0  |1 0  |4 0  |d 2020-07-16  |l 0  |r 2026-02-24 05:30:38  |w 2026-02-24